000
00230 a2200109 4500
001
68554
040
_c
Anchieta - Itaigara
240
1
0
_a
Dinossauros 3-D
_l
245
1
0
_a
Dinossauros 3-D
650
4
_a
Literatura infantil
942
_c
MU
999
_c
68554
_d
68554